| 000 | 01484cam a2200421 4500 | ||
|---|---|---|---|
| 001 | 22647 | ||
| 003 | SK-KTurca | ||
| 005 | 20260410181810.0 | ||
| 008 | 230421s2022 xo gr 000 fdslo | ||
| 015 | _aSNBA2023/05 | ||
| 020 |
_a9788056628287 _q(viazané) |
||
| 040 |
_aSAVUK _bslo _cSAVUK _dSNK _erda |
||
| 041 | 1 |
_aslo _hdan |
|
| 044 |
_axo _cSK |
||
| 072 | 7 |
_a821.11 _xGermánske literatúry _2konspekt |
|
| 080 |
_a821.113.4-31 _22011 |
||
| 080 |
_a(0:82-312.4) _22011 |
||
| 100 | 1 |
_aSveistrup, Søren, _d1968- _4aut |
|
| 240 | 1 | 0 |
_aKastanjemanden _lSlovensky |
| 245 | 1 | 0 |
_aGaštanko _cSøren Sveistrup ; z dánskeho originálu Kastanjemanden ... preložil Adrián Takáč |
| 250 | _aDruhé slovenské vydanie | ||
| 264 | 1 |
_aBratislava _bLindeni _c2022 |
|
| 300 |
_a461 strán _c22 cm |
||
| 336 |
_atext _btxt _2rdacontent |
||
| 337 |
_abez média _bn _2rdamedia |
||
| 338 |
_azväzok _bnc _2rdacarrier |
||
| 500 | _aBiografické údaje o autorovi na záložke prebalu publikácie. Vydalo vydavateľstvo Lindeni v spoločnosti Albatros Media Slovakia, s.r.o. | ||
| 655 | 7 |
_adánske romány _2SNKPH |
|
| 655 | 7 |
_atrilery (romány) _2SNKPH |
|
| 655 | 7 |
_aDanish fiction _2SNKPHeng |
|
| 655 | 7 |
_aThrillers (novels) _2SNKPHeng |
|
| 655 | 7 |
_adetektívne romány _2SNKPH |
|
| 655 | 7 |
_aDetective novels _2SNKPHeng |
|
| 700 | 1 |
_aTakáč, Adrián _4trl |
|
| 710 | 2 |
_aAlbatros Media Slovakia. _bLindeni _4pbl |
|
| 942 |
_2ddc _cKLDO _n0 |
||
| 999 |
_c22647 _d22647 |
||